Capital adjustment patterns in Swedish manufacturing firms: what model do they suggest? (Record no. 68091)

000 -LEADER
fixed length control field 00484pab a2200169 454500
008 - FIXED-LENGTH DATA ELEMENTS--GENERAL INFORMATION
fixed length control field 180718b2005 xxu||||| |||| 00| 0 eng d
100 ## - MAIN ENTRY--PERSONAL NAME
Personal name Carlsson, Mikael
245 ## - TITLE STATEMENT
Title Capital adjustment patterns in Swedish manufacturing firms: what model do they suggest?
260 ## - PUBLICATION, DISTRIBUTION, ETC.
Date of publication, distribution, etc. 2005
300 ## - PHYSICAL DESCRIPTION
Extent p.969-86.
362 ## - DATES OF PUBLICATION AND/OR SEQUENTIAL DESIGNATION
Dates of publication and/or sequential designation Oct
650 ## - SUBJECT ADDED ENTRY--TOPICAL TERM
Topical term or geographic name entry element Manufacturing industry - Sweden
650 ## - SUBJECT ADDED ENTRY--TOPICAL TERM
Topical term or geographic name entry element Manufacturing industry
700 ## - ADDED ENTRY--PERSONAL NAME
Personal name Caseen, Stefan
773 ## - HOST ITEM ENTRY
Main entry heading Economic Journal
909 ## -
-- 68091
Holdings
Withdrawn status Lost status Damaged status Not for loan Permanent Location Current Location Date acquired Serial Enumeration / chronology Barcode Date last seen Price effective from Koha item type
        Indian Institute of Public Administration Indian Institute of Public Administration 2018-07-19 Volume no: 115, Issue no: 506 AR68547 2018-07-19 2018-07-19 Articles

Powered by Koha